| 000 | 00966nas a2200301 4500 | ||
|---|---|---|---|
| 001 | BR8200870 | ||
| 003 | BR-BrBNA | ||
| 005 | 20231205085029.0 | ||
| 007 | ta | ||
| 008 | 230509b bl.|||p| |||| 00| 00por d | ||
| 040 |
_aBR-BrBNA _bpor _cBiblioteca Nacional de Agricultura |
||
| 041 | _a(Pt) | ||
| 072 | _aH20 | ||
| 100 | 1 | _aPonte, J.J. da | |
| 100 | 1 | _aFranco, A. | |
| 100 | 1 | _aSilveira, L.M. | |
| 100 | 1 | _aFonteles, R. de C. | |
| 100 | 1 | _aBastos, J.A.M. | |
| 245 | 1 | _aPodridao seca da manicoba, Manihot glaziovii Muell. Arg. [Diplodia manihot; Ceara; Brasil] | |
| 246 | 1 | _aThe stem dry-rot of manicoba, Manihot glaziovii Muell. Arg. [Diplodia manihot; Ceara; Brazil] | |
| 650 | _aDoenca de planta | ||
| 650 | _aManicoba | ||
| 650 | _aPodridao seca | ||
| 650 | _aCeara | ||
| 773 | 0 |
_tFitopatologia Brasileira (Brazil) _xISSN 0100-4158 _g(Feb 1982), v. 7(1) p. 51-54 _wBR8200870 |
|
| 909 |
_a202311 _bLúcia _c55 _dLúcia Elande |
||
| 942 |
_2AGRIS _n0 _cANA |
||
| 999 |
_c108787 _d108787 |
||